00699cam a22002297a 4500003000500000005001700005008004100022010001000063011001000073020001500083035001000098040000900108082001600117100002600133245010800159260006100267300003100328650002800359650002400387650002800411700003000439CHAP20220817043425.0980317d1997 hn a r 00110 spa d a75021 a75993 a1885995407 a85567 cCHAP04a631.522bH700aHruska, Allan J.eed.10aPlantas transgénicas Bacillus thuringiensis en la agricultura mesoamericanac/ed. por Allan J. Hruska0 aTegucigalpa, Honduras :bZamorano Academic Press,c1997. a137 p. :bilus. ; gráfs.14aBacillus thuringiensis.14aGenética vegetal.14aPlantas transgénicas.0 aLara Pavón, Miltoneed.